| Tag |
First Indicator |
Second Indicator |
Subfields |
| LEADER |
00000cam a2200000 a 4500 |
| 001 |
in00000018497 |
| 005 |
20151007053246.0 |
| 008 |
870209s1987 nyu b 00110 eng |
| 010 |
|
|
|a 86033654
|
| 020 |
|
|
|a 0313256772 (lib. bdg. : alk. paper)
|
| 035 |
|
|
|a (OCoLC)15222302
|
| 035 |
|
|
|9 AAB0997AM
|
| 040 |
|
|
|a DLC
|c DLC
|d TXA
|d UtOrBLW
|
| 043 |
|
|
|a n-us---
|
| 049 |
|
|
|a TXAM
|c [A11084535]
|
| 050 |
0 |
0 |
|a KF9084
|b .H65 1987
|
| 082 |
0 |
|
|a 347.73
|a 347.307
|2 19
|
| 100 |
1 |
|
|a Hofrichter, Richard.
|
| 245 |
1 |
0 |
|a Neighborhood justice in capitalist society :
|b the expansion of the informal state /
|c Richard Hofrichter.
|
| 264 |
|
1 |
|a New York :
|b Greenwood Press,
|c [1987]
|
| 264 |
|
4 |
|c ©1987
|
| 300 |
|
|
|a xxxiii, 192 pages ;
|c 22 cm.
|
| 336 |
|
|
|a text
|b txt
|2 rdacontent
|
| 337 |
|
|
|a unmediated
|b n
|2 rdamedia
|
| 338 |
|
|
|a volume
|b nc
|2 rdacarrier
|
| 490 |
1 |
|
|a Contributions in political science,
|x 0147-1066 ;
|v no. 171
|
| 504 |
|
|
|a Bibliography: pages [163]-185.
|
| 500 |
|
|
|a Includes index.
|
| 650 |
|
0 |
|a Neighborhood justice centers
|z United States.
|
| 650 |
|
0 |
|a Dispute resolution (Law)
|z United States.
|
| 650 |
|
0 |
|a Sociological jurisprudence.
|
| 650 |
|
0 |
|a Capitalism
|z United States.
|
| 830 |
|
0 |
|a Contributions in political science ;
|v no. 171.
|
| 999 |
|
|
|a MARS
|
| 999 |
f |
f |
|s ad53aa74-0c54-3505-bc38-da69159c8f62
|i 77cde4da-7ff3-3601-81da-172100b46cd7
|t 0
|
| 952 |
f |
f |
|p ric
|a Texas A&M University
|b Rellis Campus
|c Joint Library Facility
|d Remote Storage
|t 0
|e KF9084 .H65 1987
|h Library of Congress classification
|i unmediated -- volume
|m A14811084535
|
| 998 |
f |
f |
|a KF9084 .H65 1987
|t 0
|l Remote Storage
|